000 00775cam a2200253 i 4500
001 20912161
005 20251202151907.0
006 m |o d |
007 cr_|||||||||||
008 190401s2020 nju ob 001 0 eng
020 _a9781119523925
_q(Adobe PDF)
020 _a9781119523949
_q(ePub)
020 _z9781119523888
_q(pbk.)
050 0 0 _aRA409
082 0 0 _a610.72/7
_223
100 1 _aBowers, David,
_d1938-
_eauthor.
245 1 0 _aMedical statistics from scratch :
_ban introduction for health professionals /
_cDavid Bowers.
250 _aFourth edition.
260 _aHoboken, New Jersey
_bWiley Blackwell
_c2020
300 _a467p.
_bill. some color
_c24.5cm
650 1 2 _aBiometry
650 2 2 _aStatistics as Topic
942 _2lcc
_cBK
_e4th ed.
_n0
999 _c8486
_d8486